000 00901nas a2200301 4500
001 BR2012009663
003 BR-BrBNA
005 20231205121656.0
007 ta
008 230509b bl.|||p| |||| 00| 00por d
040 _aBR-BrBNA
_bpor
_cBiblioteca Nacional de Agricultura
041 _a(En)
072 _aL10
100 1 _aTeixeira Neto, M.R.
100 1 _aCruz, J.F. da
100 1 _aRamos, A.A.
100 1 _aCarneiro, P.L.S.
100 1 _aAzevêdo, D.M.M.R.
100 1 _aBozzi, R.
100 1 _aMalhado, C.H.M.
245 1 _aGenetic variability in Mediterranean buffalos evaluated by pedigree analysis
650 _aBÚFALO
650 _aBUBALUS BUBALIS
650 _aMELHORAMENTO GENÉTICO ANIMAL
773 0 _tCiência Rural (Brazil)
_xISSN 0103-8478
_g(Nov 2012), v. 42(11) p. 2037-2042
_wBR2012009663
909 _a202311
_bLúcia
_c55
_dLúcia Elande
942 _2AGRIS
_n0
_cANA
999 _c224676
_d224676